El valle de Cercedilla (Record no. 187613)

MARC details
000 -LEADER
campo de control de longitud fija 01075nam a2200289 i 4500
001 - NÚMERO DE CONTROL
campo de control 187613
003 - IDENTIFICADOR DE NÚMERO DE CONTROL
campo de control ES-MaACL
005 - FECHA Y HORA DE LA ÚLTIMA TRANSACCIÓN
campo de control 20231212165109.0
008 - DATOS DE LONGITUD FIJA--INFORMACIÓN GENERAL
campo de control de longitud fija 171211s2016 sp a |||| | spa d
020 ## - NÚMERO INTERNACIONAL ESTÁNDAR DEL LIBRO
Número Internacional Estándar del Libro 978-84-608-9493-3
080 ## - NÚMERO DE LA CLASIFICACIÓN DECIMAL UNIVERSAL
Número de la Clasificación Decimal Universal 55 (460.27 Cercedilla)
080 ## - NÚMERO DE LA CLASIFICACIÓN DECIMAL UNIVERSAL
Número de la Clasificación Decimal Universal 911.2 (460.27 Cercedilla)
100 1# - ENTRADA PRINCIPAL--NOMBRE DE PERSONA
Nombre de persona Acaso Deltell, Eduardo,
9 (RLIN) 163898
245 10 - MENCIÓN DEL TÍTULO
Título El valle de Cercedilla
Resto del título : geología y paisaje /
Mención de responsabilidad, etc. Eduardo Acaso.
250 ## - MENCION DE EDICION
Mención de edición 1ª ed.
260 ## - PUBLICACIÓN, DISTRIBUCIÓN, ETC.
Lugar de publicación, distribución, etc. Cercedilla :
Nombre del editor, distribuidor, etc. Fundación Cultural de Cercedilla,
Fecha de publicación, distribución, etc. 2016.
300 ## - DESCRIPCIÓN FÍSICA
Extensión 148 p. :
Otras características físicas il. col., mapas ;
Dimensiones 22 cm.
490 1# - MENCIÓN DE SERIE
Mención de serie Cuadernos de Cercedilla ;
Designación de volumen o secuencia 7
504 ## - NOTA DE BIBLIOGRAFÍA, ETC.
Nota de bibliografía, etc. Bibliografía: p. 141-145.
650 #4 - PUNTO DE ACCESO ADICIONAL DE MATERIA--TÉRMINO DE MATERIA
Término de materia o nombre geográfico como elemento de entrada Geología-
Subdivisión general Cercedilla.
9 (RLIN) 164012
651 #4 - PUNTO DE ACCESO ADICIONAL DE MATERIA--NOMBRE GEOGRÁFICO
Nombre geográfico Cercedilla-
Subdivisión general Geografía física.
9 (RLIN) 164013
830 0# - PUNTO DE ACCESO ADICIONAL DE SERIE-TÍTULO UNIFORME
Título uniforme Cuadernos de Cercedilla ;
Designación de volumen o secuencia 7
9 (RLIN) 192809
852 ## - LOCALIZACIÓN
Ubicación ES-MaACL
Número de control de estantería A-14056
itemnumber 194699
Sublocalización o colección R.151432
Ubicación en estantería Depósito 1
Signatura antigua Olim: N-7056
Anotaciones manuscritas Dedicatoria autógrafa del autor
Donativo/Legado Donación: Eduardo Acaso
903 ## - NOMBRE PERSONAL DE DONANTE
9 163898
a Acaso Deltell, Eduardo,
e Donante
942 ## - ELEMENTOS DE ENTRADA SECUNDARIOS (KOHA)
Fuente del sistema de clasificación o colocación Clasificación decimal universal
Tipo de ítem Koha Libro impreso
Holdings
Estatus retirado Estado de pérdida Fuente del sistema de clasificación o colocación Estado de daño No para préstamo Colección Biblioteca de origen Biblioteca actual Ubicación en estantería Fecha de adquisición Fuente de adquisición Total de préstamos Signatura topográfica completa Código de barras Visto por última vez Precio de reemplazo Tipo de ítem Koha Nota pública
    Clasificación decimal universal     Libros con dedicatorias Biblioteca del Ateneo de Madrid Biblioteca del Ateneo de Madrid Depósito 1 11/12/2017 Donación   A-14056 1198163 23/02/2023 23/02/2023 Libro impreso Dedicatoria autógrafa del autor